Statistics for John Cena movies quiz

Click here to take the quiz!

General Stats

  • This quiz has been taken 149 times
  • The average score is 5 of 10

Answer Stats

HintAnswer% Correct
A group of diamond thieves on the run kidnap the wife of a recently discharged marine who goes on a chase through the wilderness to retrieve her.The Marine
78%
A teenage girl discovers and revives a robot disguised as a yellow VW bug.Bumblebee
64%
A detective discovers his girlfriend has been kidnapped by an ex-con, and he'll have to complete 12 challenges in order to rescue her.12 Rounds
61%
A man tries to get his stepchildren to love him and call him Dad, but it gets complicated when their biological father returns.Daddy's Home
55%
Three parents try to stop their daughters from losing their virginity on prom night.Blockers
39%
Having finally gotten used to each other's existence, a father and stepfather must now deal with their own intrusive fathers during the holidays.Daddy's Home 2
39%
A bull with a big heart is captured and torn from his home, and rallies a misfit team to make it back.Ferdinand
32%
Two sisters decide to throw one last house party before their parents sell their family home.Sisters
30%
Having thought that monogamy was never possible, a commitment-phobic career woman may have to face her fears when she meets a good guy.Trainwreck
30%
Two American Soldiers are trapped by a lethal sniper, with only an unsteady wall between them.The Wall
27%

Score Distribution

Percentile by Number Answered

Percent of People with Each Score

Your Score History

You have not taken this quiz